000 00323nam a2200121Ia 4500
008 240731s9999 xx 000 0 und d
022 _a1029-0249
245 0 _aCivil Engineering and Environmental Systems
260 _bTaylor & Francis
856 _uhttps://www.tandfonline.com/loi/gcee20
942 _2ddc
942 _cTFEJ
999 _c75866
_d75866
945 _a1
_bMadushi Gamage
_c1
_dMadushi Gamage